000 00439nam a2200181Ia 4500
001 25017
005 20260414151122.0
008 260414t2015||||xx |||||||||||||| ||spa||
041 _aESP
082 _a346.1
_bF38
100 _aFernández Sessarego, Carlos
_eAUT
245 0 _aDerecho a la identidad personal
_b
260 _c2015
300 _a735 páginas :
_c25 cm.
650 _aDER
654 _aCDE
942 _cLIB
_dJUS
_fJUS
_2ddc
_n
999 _c25017
_d25017